000 00573nam a2200229Ia 4500
003 OSt
005 20220923211723.0
006 a|||||r|||| 00| 0
007 ta
008 Pun
024 _a43,441
037 _cTextual
040 _aARTS
_cARTS
_bPun
041 _2Pun
_aPun
082 _aO153,3N09x, H1
100 _aਸਿੰਘ, ਸੁਜਾਨ
245 0 _aਦੁਖ ਸੁਖ
260 _c1941
650 _aਪੰਜਾਬੀ ਸਾਹਿਤ
942 _hO153,3N09x, H1
_cTEXL
_2CC
999 _c302886
_d302886